000 00696nam a2200229 i 4500
001 10512
003 ES-MaACL
005 20250823063026.0
007 t|
008 950823s1954 sp f |||| | spa d
080 _a9(467.3)
080 _a91(467.3)
100 1 _aMaciá Serrano, Antonio,
_d1910-1985
_975209
245 1 0 _aLevante /
_cpor Maciá Serrano.
260 _aMadrid :
_bPublicaciones Españolas,
_c1954.
300 _a30 p., [4] p. de lám. ;
_c24 cm.
490 1 _aTemas españoles ;
_v114
651 4 _aComunidad Valenciana-
_xDescripción.
_9158612
830 0 _aTemas españoles ;
_v114
_9178712
852 _aES-MaACL
_jL-17826
999 _c10512
_d10512